Recent contributions to geochemistry and analytical chemistry. A. I. Tugarinov, editor /
Guardado en:
| Otros Autores: | , |
|---|---|
| Formato: | Libro |
| Idioma: | English Russian |
| Publicado: |
New York :
Wiley,
c1975.
|
| Etiquetas: |
Agregar Etiqueta
Sin Etiquetas, Sea el primero en etiquetar este registro!
|
| LEADER | 01130cam a2200265 a 4500 | ||
|---|---|---|---|
| 001 | EEA.libagro010093 | ||
| 005 | 20190704122546.0 | ||
| 008 | 740422s1975####nyu######b####000#0#eng## | ||
| 010 | |a 74008165 | ||
| 020 | |a 0470892285 | ||
| 040 | |a DLC |c DLC |d DLC | ||
| 041 | 1 | |a eng |h rus | |
| 050 | 0 | 0 | |a QE515 |b .O2513 |
| 082 | 0 | 0 | |a 551.9 |
| 240 | 0 | 0 | |a Ocherki sovremennoi geokhimii i analiticheskoi khimii. English |
| 245 | 0 | 0 | |a Recent contributions to geochemistry and analytical chemistry. A. I. Tugarinov, editor / |c Translated from Russian by N. Kaner. Translation edited by IPST staff. |
| 260 | |a New York : |b Wiley, |c c1975. | ||
| 300 | |a viii, 695 p. : |b diagrs. ; |c 25 cm. | ||
| 500 | |a Traducción de: Ocherki sovremennoi geokhimii i analiticheskoi khimii. | ||
| 500 | |a "On the occasion of the 75th anniversary of Academician Aleksandr Pavlovich Vinogradov." | ||
| 500 | |a "A Halsted Press book." | ||
| 504 | |a Incluye referencias bibliográficas. | ||
| 700 | 1 | |a Vinogradov, A. P. |q (Aleksandr Pavlovich), |d 1895-1975. | |
| 700 | 1 | |a Tugarinov, A. I. |q (Aleksei Ivanovich), |e ed. | |
| 859 | |a AR-BbBCA |b BIB. AGRONOMIA |h 551.9 |i T915 |p 1981/0076 | ||
